Food Science (Record no. 14584)
[ view plain ]
| 000 -LEADER | |
|---|---|
| fixed length control field | 00342nam a22001457a 4500 |
| 020 ## - INTERNATIONAL STANDARD BOOK NUMBER | |
| ISBN | 9789381450147 |
| 082 ## - DEWEY DECIMAL CLASSIFICATION NUMBER | |
| Classification number | 664. |
| Item number | BAW/FO |
| 245 ## - TITLE STATEMENT | |
| Title | Food Science |
| 260 ## - PUBLICATION, DISTRIBUTION, ETC. (IMPRINT) | |
| Place of publication | New Delhi |
| Name of publisher | New India Publishing Agency |
| Year of publication | 2013 |
| 300 ## - PHYSICAL DESCRIPTION | |
| Number of Pages | 384 |
| 700 ## - ADDED ENTRY--PERSONAL NAME | |
| Personal name | Bawa A.S. |
| 700 ## - ADDED ENTRY--PERSONAL NAME | |
| Personal name | Raju P.S. |
| 700 ## - ADDED ENTRY--PERSONAL NAME | |
| Personal name | Chauhan O.P. |
| 942 ## - ADDED ENTRY ELEMENTS (KOHA) | |
| Koha item type | Books |
| Withdrawn status | Lost status | Damaged status | Collection code | Home library | Current library | Shelving location | Date acquired | Source of acquisition | Cost, normal purchase price | Full call number | Accession Number | Koha item type |
|---|---|---|---|---|---|---|---|---|---|---|---|---|
| KAUAET | KAUAET | General Stacks | 18/07/2016 | Ganesh Book Centre | 2450.00 | 664. BAW/FO | 24858 | Books | ||||
| KAUAET | KAUAET | General Stacks | 22/07/2016 | Researchco Books and Periodicals, New Delhi | 2450.00 | 664. BAW/FO | 24357 | Books | ||||
| KAUAET | KAUAET | General Stacks | 25/07/2016 | Southern Book Star, Tvm. | 2450.00 | 664. BAW/FO | 24546 | Books | ||||
| Non-fiction | KAUAET | KAUAET | Reference1 | 15/05/2019 | 3650.00 | 664. BAW/FO | 25758 | Books |
